[Event "Cesme op-A 11th"]
[Site "Izmir"]
[Date "2025.06.23"]
[Round "1"]
[White "Cankurt, Arda"]
[Black "Keloglu, Ismail Cinar"]
[Result "1-0"]
[WhiteElo "1971"]
[BlackElo "1868"]
[PlyCount "127"]
[EventDate "2025.06.23"]
[EventType "swiss"]
[EventRounds "9"]
[EventCountry "TUR"]
[SourceTitle "CB27_2025"]
[SourceDate "2025.07.02"]
[SourceVersion "1"]
[SourceVersionDate "2025.07.02"]
[SourceQuality "1"]

1. Nf3 c5 2. b3 Nc6 3. Bb2 Nf6 4. e3 g6 5. d4 cxd4 6. exd4 d5 7. Nbd2 Bg7 8. Bd3 0-0 9. a3 Kh8 10. 0-0 Bf5 11. Qe2 Bxd3 12. Qxd3 Rc8 13. Rac1 Nd7 14. Rfe1 Re8 15. c4 e6 16. Nf1 dxc4 17. bxc4 Nc5 18. Qe3 Kg8 19. Red1 Na4 20. Ba1 Nb6 21. Qe1 Qe7 22. Ne3 Red8 23. h4 Rc7 24. Ng4 h5 25. Ne3 Rcd7 26. c5 Nd5 27. Nc4 Nc7 28. g3 Nxd4 29. Nxd4 Bxd4 30. Rxd4 Rxd4 31. Nd6 Rd5 32. Nxb7 Rf8 33. Qe3 Ne8 34. c6 Nd6 35. Nc5 Nf5 36. Qc3 Nd4 37. Kg2 e5 38. Ne4 Rc8 39. Qd3 Rdd8 40. Ng5 Nxc6 41. Qa6 Nb8 42. Qxc8 Rxc8 43. Rxc8+ Kg7 44. Rxb8 f6 45. Ne4 Qc7 46. Rb2 Qc1 47. Rb7+ Kh6 48. Bc3 g5 49. hxg5+ fxg5 50. Re7 h4 51. Re6+ Kh7 52. Bd2 Qd1 53. Nxg5+ Kg7 54. Be3 Qd5+ 55. Kh2 hxg3+ 56. Kxg3 a5 57. Ra6 Qd1 58. Ra7+ Kf6 59. Nf3 Qd5 60. Ra6+ Kg7 61. Nh4 Qb5 62. Nf5+ Kg8 63. Rg6+ Kf7 64. Nd6+ 1-0